Mbinu za uandishi : (Record no. 10209)

MARC details
000 -LEADER
fixed length control field 00743nam a22002172 4500
001 - CONTROL NUMBER
control field 0000024269
005 - DATE AND TIME OF LATEST TRANSACTION
control field 20151217152258.0
008 - FIXED-LENGTH DATA ELEMENTS--GENERAL INFORMATION
fixed length control field 130624s xx 000 0 eng d
020 ## - INTERNATIONAL STANDARD BOOK NUMBER
International Standard Book Number 9966846336 :
040 ## - CATALOGING SOURCE
Original cataloging agency KABU
Transcribing agency KABU
100 1# - MAIN ENTRY--PERSONAL NAME
Personal name Kitsao, Jay.
-- 0000184259
245 10 - TITLE STATEMENT
Title Mbinu za uandishi :
Remainder of title uakifishi, insha, ufahamu, ufupisho, mwongozo wa jumla /
Statement of responsibility, etc. Jay Kitsao.
250 ## - EDITION STATEMENT
Edition statement 1st ed.
260 ## - PUBLICATION, DISTRIBUTION, ETC. (IMPRINT)
Place of publication, distribution, etc. Nairobi :
Name of publisher, distributor, etc. University of Nairobi Press,
Date of publication, distribution, etc. 1995.
300 ## - PHYSICAL DESCRIPTION
Extent xiv, 105 p.
650 #0 - SUBJECT ADDED ENTRY--TOPICAL TERM
Topical term or geographic name as entry element Swahili language
Form subdivision Handbooks, manuals, etc.
General subdivision Style.
-- 0000184260
852 1# - LOCATION
-- p600 KES
852 1# - LOCATION
-- p600 KES
908 ## - PUT COMMAND PARAMETER (RLIN)
Put command parameter 130624
950 ## - LOCAL HOLDINGS (RLIN)
-- 1
Holdings
Withdrawn status Lost status Source of classification or shelving scheme Not for loan Home library Current library Date acquired Total Checkouts Full call number Barcode Date last seen Price effective from Koha item type Date last checked out
    Library of Congress Classification   Kabarak, Main Campus Kabarak, Main Campus 17/12/2015   PL8704 .K58 1995 c. 2 015369 17/12/2015 17/12/2015 General Collection  
    Library of Congress Classification   Kabarak, Main Campus Kabarak, Main Campus 17/12/2015   PL8704 .K58 1995 c. 3 015374 17/12/2015 17/12/2015 General Collection  
    Library of Congress Classification   Kabarak, Main Campus Kabarak, Main Campus 17/12/2015 1 PL8704 .K58 1995 c. 1 015366 04/01/2023 17/12/2015 Reserve Collection 04/01/2023
Designed with assistance from East African Informatics Ltd